书目信息 |
| 题名: |
黄埔军校
|
|
| 作者: | 韩淑芳 主编 ;《民国趣读》编辑组 编 | |
| 分册: | ||
| 出版信息: | 北京 中国文史出版社 2017.07 |
|
| 页数: | 235页 | |
| 开本: | 24cm | |
| 丛书名: | 民国趣读 | |
| 单 册: | ||
| 中图分类: | E296.3 | |
| 科图分类: | ||
| 主题词: | ||
| 电子资源: | ||
| ISBN: | 978-7-5034-9215-0 | |
| 000 | 01135nam 2200289 450 | |
| 001 | CAL 0120172217402 | |
| 005 | 20170622163315 | |
| 010 | @a978-7-5034-9215-0@b@dCNY35.00 | |
| 100 | @a20170621d2017 em y0chiy50 ea | |
| 101 | 0 | @achi |
| 102 | @aCN@b110000 | |
| 105 | @aa z 000yy | |
| 106 | @ar | |
| 200 | 1 | @a黄埔军校@Ahuang pu jun xiao@f《民国趣读》编辑组编@F《min guo qu du》bian ji zu bian@g |
| 210 | @a北京@c中国文史出版社@d2017.07 | |
| 215 | @a235页@c图@d24cm | |
| 225 | 2 | @a民国趣读@Amin guo qu du |
| 314 | @a书内题: 韩淑芳主编 | |
| 330 | @a本书是追忆当年黄埔军校的文字集纳。作者皆为民国之大家和抗日名将, 如郑庭笈、宋希濂、方鼎英、胡兰畦、何香凝、李奇中、包惠僧等, 这些民国大家及名将讲述了民国期间黄埔军校的课堂趣闻、名师风采、社团活动……片段小文、三言两语, 生动鲜活地再现了黄埔军校校园里那些逝去的过往。 | |
| 410 | 0 | @12001 @a民国趣读 |
| 601 | 02 | @a黄埔军校@Ahuang pu jun xiao@x校史 |
| 690 | @aE296.3@v5 | |
| 701 | 0 | @a韩淑芳@Ahan shu fang@4主编 |
| 711 | 02 | @a《民国趣读》编辑组@A《min guo qu du》bian ji zu@4编 |
| 801 | 0 | @aCN@b人天书店@c20170621@g |
| 905 | @aBZT@dE296.3@e1 | |
| 906 | @dCNY35.00@n3@r1 | |
| 黄埔军校/《民国趣读》编辑组编.-北京:中国文史出版社,2017.07 |
| 235页:图;24cm.-(民国趣读) |
| ISBN 978-7-5034-9215-0:CNY35.00 |
| 本书是追忆当年黄埔军校的文字集纳。作者皆为民国之大家和抗日名将, 如郑庭笈、宋希濂、方鼎英、胡兰畦、何香凝、李奇中、包惠僧等, 这些民国大家及名将讲述了民国期间黄埔军校的课堂趣闻、名师风采、社团活动……片段小文、三言两语, 生动鲜活地再现了黄埔军校校园里那些逝去的过往。 |
| ● |
| 相关链接 |
|
|
|
正题名:黄埔军校
索取号:E296.3/1
 
预约/预借
| 序号 | 登录号 | 条形码 | 馆藏地/架位号 | 状态 | 备注 |
| 1 | 835645 | 2000835645 | 思政阅览室/思1架B面2层4列/ [索取号:E296.3/1] | 在馆 | |
| 2 | 835646 | 2000835646 | 第二书库/ [索取号:E296.3/1] | 在馆 | |
| 3 | 835647 | 2000835647 | 第二书库/ [索取号:E296.3/1] | 在馆 |